000 00786nam a2200253 4500
003 OSt
005 20260601170959.0
008 260418b\\\\\\\\||||||||\||||\00|\0\eng\d
020 _a9686363009
040 _aICI
_bspa
_cICI
041 _aspa
050 _aNK1510
_bR63
100 1 _aRodríguez Morales Luis Alfredo
_dautor
_931114
245 1 _aPara una teoría del diseño /
_cLuis Rodríguez Morales
260 _aMéxico :
_bUAM Azcapotzalco ;
_bTilde,
_c1989
264 _bUAM Azcapotzalco / Tilde
_c1989
_aMéxico, d.f.
300 _a125 páginas
336 _atexto
_2rdacontent
337 _asin medio
_2rdamedia
338 _avolumen
_2rdacarrier
650 _aDiseño
_92672
710 _aUniversidad Autónoma Metropolitana. |b Unidad Azcapotzalco
_931115
942 _2ddc
_cB
999 _c19982
_d19982